Cities in Sicily ( + 50k ) with map - Statistics

General Stats
  • This quiz has been taken 193 times
  • The average score is 8 of 11
Answers on the Map
Answers color-coded by a green-red scale on the quiz's map according to % correct below.
 
Answer Stats
Population Ville % Correct
648,260 Palermo
99%
290,927 Catania
95%
219,948 Messina
90%
97,472 Syracuse
86%
58,681 Trapani
70%
77,915 Marsala
69%
61,380 Ragusa
65%
56,715 Caltanissetta
59%
73,854 Gela
52%
52,952 Bagheria
38%
50,852 Vittoria
37%
No matching quizzes found
Score Distribution
Percent of People with Each Score
Percentile by Number Answered
Your Score History
You have not taken this quiz